000 01412nam a2200313Ia 4500
001 B6249
003 IT-RoPAU
008 130308s9999 xx 000 0 und d
040 _aIT-RoPAU
040 _cIT-RoPAU
041 _aITALIANO
100 _aAA.VV.
100 _gCodice Aut. SPICS: 12000
245 _aCoca-Cola, un mito
245 _bCoca-Cola, un Mito
250 _a1a ed.
260 _aROMA
260 _bLeonardo/De Luca
260 _c1992 [1° Ed.:1992 - Ed.Ling.Originale:1992]
300 _a"112 p. (prefazione: no ; testo: 112 [pagine: 0-0])"
500 _aCoca Cola Non Solo una Bibita Conosciutissima, Ma Uno dei Simboli dell'America, del consumismo e della Libertà del Dopoguerra, Cultura di Un'Epoca. Catalogo in Occasione della mostra con la Storia della Coca Cola: le Origini, Alla conquista dell'America, Coca Cola in Bottiglia, Alla conquista del Mondo, Coca Cola in Europa, Coca Cola Entra in Guerra, Sbarco Definitivo Ineuropa, Industria Italiana della Coca Cola, Anni Sessanta, New Wave, Falsie Repliche, Cronologia. Glossario e Bibliografia. presentazione di Gianni ponti e Phil Mooney. premesse dei Curatori e di Frabrizio Zampa.
650 _aSAGGI DI PUBBLICITA'
650 _eCodice materia Spics: 6211
700 _aBiasio MariateresaFadini Ugo
700 _gCodice Aut. SPICS: 39013Codice Aut. SPICS: 39014
942 _cBK
957 _71
999 _c91937
_d91937
999 _g1